| 000 | 00970nam a2200289 c 4500 | ||
|---|---|---|---|
| 999 |
_c344745 _d344745 |
||
| 003 | BLK | ||
| 005 | 20210811030706.0 | ||
| 008 | 180911b bul|||||r ||||||| ||bul|| | ||
| 010 | _a004411 | ||
| 040 | _aBLK | ||
| 041 |
_aFRE _cBUL |
||
| 080 | _z949.71 | ||
| 100 | 1 |
_aPARLICEV, Kiril _eпърви автор _9397321 |
|
| 245 | 0 | 0 | _aLe regime serbe et la lutte revolutionnaire en Macedonie |
| 260 |
_aSofia _bAl. Pascalew and Cie _c1917 _fDe la Cour |
||
| 300 |
_a187 с., 23 л _bпортр. и ил. _c24 см |
||
| 380 | _a9 | ||
| 490 | _aBibl. des Questions balkaniques | ||
| 490 |
_aЧастна колекция - Академик Михаил Арнаудов _gДарение - Основен фонд |
||
| 500 | _aКн. инв.№ 587842 с липсващи с. | ||
| 650 |
_aБалкански страни _9397322 |
||
| 650 |
_aБалкански страни _9397322 |
||
| 655 |
_aистория _9396557 |
||
| 852 |
_aМА 665 _bМА |
||
| 942 |
_cKNG _n0 _s1 |
||
| 944 |
_aCR _c1995 _kValK |
||
| 999 | _d344745 | ||